000 00287 a2200121 4500
000 nam a22 7a 4500
005 20260207155810.0
020 _a9788120841758
100 _aRamesh K Sharma
_91114392
245 _aYuktidipika
260 _bMotilal Banarsidass
_c2023
942 _cTEXL
999 _c1678936
_d1678936